[Event "Frankfurt-chA"]
[Site "Frankfurt"]
[Date "2018.06.11"]
[Round "6"]
[White "Moritz, Dennis"]
[Black "Kautz, Thomas"]
[Result "1/2-1/2"]
[WhiteElo "1611"]
[BlackElo "1763"]
[PlyCount "89"]
[EventDate "2018.04.30"]
[EventType "swiss"]
[EventRounds "7"]
[EventCountry "GER"]
[SourceTitle "EXT 2019"]
[Source "ChessBase"]
[SourceDate "2018.10.10"]
[SourceVersion "1"]
[SourceVersionDate "2018.10.10"]
[SourceQuality "1"]

1. d4 g6 2. c4 Bg7 3. Nc3 Nf6 4. e4 d6 5. Nf3 0-0 6. Be2 e5 7. d5 Nbd7 8. 0-0 Nc5 9. Qc2 a5 10. Ne1 Bd7 11. f3 Nh5 12. Be3 b6 13. Rb1 f5 14. Nd3 f4 15. Bf2 g5 16. b3 Nf6 17. a3 g4 18. b4 axb4 19. Nxc5 bxc3 20. Nxd7 Qxd7 21. Qxc3 gxf3 22. Bxf3 Ng4 23. Kh1 Ra5 24. Bg1 Rfa8 25. Rb3 Nh6 26. Bf2 Bf6 27. g3 Bg5 28. Rg1 Kh8 29. gxf4 Bxf4 30. Bg3 Bxg3 31. Rxg3 Rg8 32. Bg2 Ng4 33. Kg1 Qe7 34. h3 Nf6 35. Rxg8+ Nxg8 36. Qg3 Ra8 37. Rf3 Nf6 38. Rf5 Rg8 39. Qf3 Rf8 40. Kf2 Nd7 41. Ke3 Rxf5 42. Qxf5 Qg7 43. Bf3 Qg1+ 44. Ke2 Qh2+ 45. Ke3 1/2-1/2

[Event "Frankfurt-chA"]
[Site "Frankfurt"]
[Date "2018.05.14"]
[Round "3"]
[White "Moritz, Dennis"]
[Black "Menning, Uwe"]
[Result "1/2-1/2"]
[WhiteElo "1611"]
[BlackElo "1810"]
[PlyCount "61"]
[EventDate "2018.04.30"]
[EventType "swiss"]
[EventRounds "7"]
[EventCountry "GER"]
[SourceTitle "EXT 2019"]
[Source "ChessBase"]
[SourceDate "2018.10.10"]
[SourceVersion "1"]
[SourceVersionDate "2018.10.10"]
[SourceQuality "1"]

1. d4 d5 2. c4 e6 3. Nc3 Nf6 4. cxd5 Nxd5 5. e4 Nxc3 6. bxc3 c5 7. Nf3 cxd4 8. cxd4 Be7 9. Bc4 0-0 10. 0-0 Nc6 11. Be3 b6 12. Rc1 Bb7 13. d5 exd5 14. Bxd5 Na5 15. Bxb7 Nxb7 16. Qxd8 Bxd8 17. Rfd1 Re8 18. Rd7 Nc5 19. Bxc5 bxc5 20. Rxc5 Rxe4 21. Re5 Rxe5 22. Nxe5 Bb6 23. Kf1 Rd8 24. f3 Rxd7 25. Nxd7 Bd4 26. Ke2 f6 27. Kd3 Bg1 28. h3 Kf7 29. Kc4 Kg6 30. Nc5 Kg5 31. Ne6+ 1/2-1/2

[Event "Frankfurt-chA"]
[Site "Frankfurt"]
[Date "2017.05.15"]
[Round "4"]
[White "Moritz, Dennis"]
[Black "Leichum, Engelbert"]
[Result "1-0"]
[WhiteElo "1526"]
[BlackElo "1688"]
[PlyCount "77"]
[EventDate "2017.04.24"]
[EventType "swiss"]
[EventRounds "7"]
[EventCountry "GER"]
[SourceTitle "EXT 2018"]
[Source "ChessBase"]
[SourceDate "2017.10.13"]
[SourceVersion "1"]
[SourceVersionDate "2017.10.13"]
[SourceQuality "1"]

1. d4 Nf6 2. c4 e5 3. dxe5 Ng4 4. Bf4 Nc6 5. Nf3 Bb4+ 6. Nbd2 Qe7 7. a3 Ngxe5 8. Nxe5 Nxe5 9. e3 Bxd2+ 10. Qxd2 a5 11. Be2 0-0 12. 0-0 b6 13. Qd5 Nc6 14. Bxc7 Bb7 15. Bd6 Qf6 16. Bxf8 Rxf8 17. Rab1 Nd8 18. Qd4 Qg6 19. Qg4 Qf6 20. Qxd7 Bc6 21. Qd4 Qg6 22. Qg4 Qf6 23. Bf3 Re8 24. Bxc6 Nxc6 25. Qf4 Qg6 26. Rbd1 Ne5 27. Qxe5 f6 28. Qd5+ Kh8 29. Qc6 h6 30. Qxb6 Kh7 31. Rd8 Re5 32. Rd5 Re4 33. Rd4 Re5 34. h4 Qc2 35. b4 a4 36. c5 Qb3 37. Qb5 Rxe3 38. c6 Re5 39. Qd3+ 1-0